000 nam a22 7a 4500
999 _c27712
_d27712
008 170210b xxu||||| |||| 00| 0 eng d
020 _a9780375427787
050 _aQC 32 .L43 2010
100 _aLeduc, Steven A.
_d2010
245 _aCracking the AP physics B exam/
_cSteven A. Leduc, John Miller.
260 _aNew york:
_bRandom house,
_c2010.
300 _axix, 525p.:
521 _aIncludes index.
650 _aPhysics.
700 _aMiller, John.
942 _2lcc
_cBOOKS
_hQC 32 .L43 2010